| 000 | 00553nam a2200193Ia 4500 | ||
|---|---|---|---|
| 008 | 120910t1996 xxu||||| |||| 00| 0 sin d | ||
| 041 | _asin | ||
| 080 |
_a8 S 31 (802. 0) _bSTE |
||
| 100 | _aStevenson, R. L. | ||
| 245 | _aකලුහීසරය | ||
| 246 | _aKaluheesaraya | ||
| 260 |
_aM. D. Gunasena _aColombo _c1996 |
||
| 300 | _b179p, 18 cm | ||
| 500 | _aSinhalese Translation of R. L. Stevenson's of The Black Arrow | ||
| 700 |
_aWickramasinghe, Suraweera _etr. |
||
| 942 | _cBK | ||
| 999 |
_c39965 _d39965 |
||
| 003 | LK-CoDNM | ||
| 040 |
_aLK-CoDNM _dLK-CoDNM _eLK-CoDNM |
||